<?xml version="1.0" encoding="UTF-8"?>
<collection xmlns="http://www.loc.gov/MARC21/slim">
 <record>
  <leader>01980nab a2200229 i 4500</leader>
  <controlfield tag="001">publ25473</controlfield>
  <controlfield tag="005">20221107153435.0</controlfield>
  <controlfield tag="008">221107s2022    hu      o     0||   Magyar d</controlfield>
  <datafield tag="022" ind1=" " ind2=" ">
   <subfield code="a">0864-7003</subfield>
  </datafield>
  <datafield tag="024" ind1="7" ind2=" ">
   <subfield code="a">10.55608/nover.35.0009</subfield>
   <subfield code="2">doi</subfield>
  </datafield>
  <datafield tag="024" ind1="7" ind2=" ">
   <subfield code="a">32819571</subfield>
   <subfield code="2">mtmt</subfield>
  </datafield>
  <datafield tag="040" ind1=" " ind2=" ">
   <subfield code="a">SZTE Publicatio Repozitórium</subfield>
   <subfield code="b">hun</subfield>
  </datafield>
  <datafield tag="041" ind1=" " ind2=" ">
   <subfield code="a">Magyar</subfield>
  </datafield>
  <datafield tag="100" ind1="1" ind2=" ">
   <subfield code="a">Irinyi Tamás</subfield>
  </datafield>
  <datafield tag="245" ind1="1" ind2="0">
   <subfield code="a">Kiégés és depresszió az egészségügyi szakdolgozói társadalomban</subfield>
   <subfield code="h">[elektronikus dokumentum] /</subfield>
   <subfield code="c"> Irinyi Tamás</subfield>
  </datafield>
  <datafield tag="260" ind1=" " ind2=" ">
   <subfield code="c">2022</subfield>
  </datafield>
  <datafield tag="300" ind1=" " ind2=" ">
   <subfield code="a">38-40</subfield>
  </datafield>
  <datafield tag="490" ind1="0" ind2=" ">
   <subfield code="a">NŐVÉR</subfield>
   <subfield code="v">35 No. 2</subfield>
  </datafield>
  <datafield tag="520" ind1="3" ind2=" ">
   <subfield code="a">Célkitűzés: A vizsgálat célja volt felmérni az egészségügyi szakdolgozók kiégettségét, valamint depressziójának mértékét. Vizsgálat módszere: A keresztmetszeti vizsgálat egy saját szerkesztésű online kérdőívvel történt 2022. január 27.–február 14. között. 10 285 értékelhető kitöltés érkezett. Eredmények: A kiégés átlagpontszáma csökkenést mutat a 2021-es felméréshez képest, azonban a kiégés tüneteitől szenvedő egészségügyi szakdolgozók aránya még így is magas, 64,4% (42% esetében súlyos fokú a kiégés, már kezelés szükséges). A depressziót vizsgálva megállapítható, hogy a kitöltők 57,8%-a esetében nem állapítható meg depresszió jelenléte, a többi válaszadó esetében valamilyen mértékű depresszió felmerült. (Súlyos depresszió az összes depressziós dolgozó 6,8%-ának esetében detektálható.) Következtetések: Jelenleg hazánkban a betegek gyógyulási esélye alatta van annak, mint amit az egészségügyi ellátórendszerünk képes lenne biztosítani, „köszönhetően” részben annak, hogy a betegeket ellátó egészségügyi szakdolgozók súlyos lelkiállapotban vannak.</subfield>
  </datafield>
  <datafield tag="650" ind1=" " ind2="4">
   <subfield code="a">Egészségtudományok</subfield>
  </datafield>
  <datafield tag="700" ind1="0" ind2="1">
   <subfield code="a">Németh Anikó</subfield>
   <subfield code="e">aut</subfield>
  </datafield>
  <datafield tag="856" ind1="4" ind2="0">
   <subfield code="u">http://publicatio.bibl.u-szeged.hu/25473/1/kieges-es-depresszio-az-egeszsegugyi-szakdolgozoi-tarsadalomban.pdf</subfield>
   <subfield code="z">Dokumentum-elérés </subfield>
  </datafield>
 </record>
</collection>
